States that Seceded from the Union - Statistics

General Stats
  • This quiz has been taken 17 times
  • The average score is 10 of 11
Answer Stats
Date seceded: State % Correct
January 21, 1861 Georgia
100%
May 20, 1861 North Carolina
100%
December 20, 1860 South Carolina
100%
April 17, 1861 Virginia
100%
January 11, 1861 Alabama
94%
January 10, 1861 Florida
94%
February 1, 1861 Texas
94%
May 6, 1861 Arkansas
88%
January 26, 1861 Louisiana
75%
January 9, 1861 Mississippi
75%
June 8, 1861 Tennessee
75%
No matching quizzes found
Score Distribution
Percent of People with Each Score
Percentile by Number Answered
Your Score History
You have not taken this quiz